[Event "73rd RUS-ch Higher League 2020"]
[Site "Sochi"]
[Date "2020.10.14"]
[Round "6.11"]
[White "Alekseev, Evgeny"]
[Black "Iljiushenok, Ilia"]
[Result "1-0"]
[WhiteElo "2626"]
[BlackElo "2515"]
[Annotator "TA"]
[PlyCount "139"]
[EventDate "2020.10.08"]
[EventType "swiss"]
[EventCountry "RUS"]
[SourceTitle "playchess.com"]
[Source "ChessBase"]
[SourceQuality "1"]

{[%evp 16,139,15,6,11,0,12,29,16,8,12,12,22,0,0,0,0,0,0,0,0,0,17,0,22,25,22,25,46,35,47,30,26,0,11,0,4,8,7,0,0,0,5,0,0,0,0,-33,-29,-62,-28,-52,-46,-38,-47,-56,-39,-58,35,51,67,49,86,83,84,86,87,87,87,87,87,90,87,123,131,87,136,135,122,118,145,126,242,220,243,233,214,201,233,207,266,268,584,562,789,745,998,968,1819,1818,1577,1554,29971,29972,29972,29973,29973,29971,29971,0,29972,29972,29972,29973,29973,29974,29974,29972,29976,29976,29977,29976,29978,29979,29974,29965]} 1. e4 c5 2. Nf3 d6 3. d4 cxd4 4. Nxd4 Nf6 5. Nc3 a6 6. Be2 e5 7. Nb3 Be7 8. O-O O-O 9. Re1 Be6 {B92: Sicilian Najdorf: 6 Be2.} 10. Bf3 Nbd7 11. a4 {[%cal Ba2a4,Ba4a5][%mdl 32]} Qc7 {White has an edge.} 12. a5 Rfc8 13. Be3 h6 14. Nd2 $5 {[%mdl 4] [#] An interesting side line.} Qc6 $146 ({Predecessor:} 14... b5 15. axb6 Nxb6 16. Ra5 Bd8 17. h3 Nc4 18. Nxc4 Bxc4 19. Ra4 Rab8 20. Qa1 Qb7 {½-½ (40) Sunilduth Lyna,N (2611)-Cheparinov,I (2670) Douglas 2019}) 15. Nf1 b5 16. axb6 Nxb6 17. Bc1 Qb7 18. Ne3 Bf8 19. h3 Nc4 20. b3 Nxe3 21. Rxe3 Rc7 22. Na4 d5 23. exd5 Bxd5 24. c4 Bxf3 25. Qxf3 Qxf3 26. Rxf3 Rb8 27. Ba3 Nd7 28. Kf1 (28. Rd3 {is interesting.} f6 29. f3 h5 30. g3 g5 31. h4) 28... f6 29. Ke2 Bxa3 30. Rxa3 Nf8 31. Rd3 Ne6 32. g3 Kf7 33. Kd2 Nd4 34. f4 h5 35. fxe5 fxe5 36. Re3 Kf6 (36... Kg8 $15) 37. Nc3 $14 {Strongly threatening Nd5+.} Kf5 38. Ne2 Rd8 {Hoping for ...Nb5+.} 39. Nxd4+ Rxd4+ $16 {[%mdl 4096] Endgame KRR-KRR} 40. Kc3 Rc6 41. Ra1 Rcd6 42. c5 Rc6 43. b4 Ke6 44. Rae1 Rd5 {Black wants to play ...a5.} 45. Kc4 $1 Rd4+ {[#]} 46. Kb3 $1 Rd5 {[#]} 47. Ka4 $1 Rc8 48. Re4 Kf5 (48... Re8 $16) 49. g4+ $18 hxg4 50. Rxg4 Rd4 51. Ka5 ({Not} 51. Rxg7 Rxc5 52. Rf1+ Ke6 $14) 51... Rc6 52. Rxg7 Rd3 {[%cal Rd3a3]} 53. Ka4 Rxh3 $2 (53... Rd4 {is tougher.} 54. Rf1+ Rf4) 54. Re7 Rhh6 55. R7xe5+ Kf4 56. Re8 Kf3 57. Rf8+ Kg2 58. Re7 Rhg6 59. Rff7 Rh6 60. Rh7 Rhf6 61. Rhg7+ Kh3 62. Rh7+ Kg2 $1 63. Reg7+ {White mates.} Kf3 64. Rf7 Ke4 65. Rxf6 Rxf6 66. Rd7 Ke5 67. Ka5 Rh6 68. Ra7 Kd5 69. Rxa6 Rh1 70. Kb5 {Av CentiPawn Loss W=-7/B=-66. Weighted=-7/-61} 1-0

[Event "73rd RUS-ch Higher League 2020"]
[Site "Sochi"]
[Date "2020.10.14"]
[Round "6.12"]
[White "Predke, Alexandr"]
[Black "Nesterov, Arseniy"]
[Result "1-0"]
[WhiteElo "2676"]
[BlackElo "2510"]
[Annotator "TA"]
[PlyCount "141"]
[EventDate "2020.10.08"]
[EventType "swiss"]
[EventCountry "RUS"]
[SourceTitle "playchess.com"]
[Source "ChessBase"]
[SourceQuality "1"]

{[%evp 11,141,16,42,43,41,35,26,14,25,12,59,66,50,43,31,38,31,47,48,48,53,54,59,43,35,31,56,40,50,37,60,57,58,59,51,60,52,59,58,54,95,81,89,102,85,42,47,79,52,64,125,115,241,244,238,177,173,166,170,167,196,135,133,116,129,165,133,125,91,75,66,43,46,41,40,31,37,43,40,30,43,16,16,20,44,27,91,8,8,0,0,0,0,0,0,0,0,0,0,0,0,0,0,-8,8,8,175,175,167,167,158,145,998,707,565,439,29970,29972,29972,29973,6103,5374,29983,29984,29984,29985,29985,29986,29986,29987,29987,29988]} 1. d4 {Krasenkow,M} d5 2. c4 c6 3. Nf3 Nf6 4. g3 e6 5. Bg2 Bb4+ 6. Nbd2 O-O 7. O-O {E01: Catalan: Early deviations.} b6 8. Qc2 Ba6 9. b3 {White has an edge.} c5 {[#]} 10. a3 $146 ({Predecessor:} 10. dxc5 Bxc5 11. Bb2 Nc6 12. a3 Bb7 13. cxd5 exd5 14. b4 Be7 15. Rac1 Re8 16. Rfd1 Bd6 17. e4 Rc8 18. Qb1 Nxe4 19. Nxe4 dxe4 {1-0 (70) Mamedyarov,S (2752)-Kamsky,G (2724) Kemer 2007 CBM 121 [Krasenkow,M]}) 10... Ba5 (10... Bxd2 $5 11. Bxd2 Nbd7 $11) 11. Bb2 Bxd2 12. Nxd2 cxd4 13. Bxd4 Nc6 14. Bc3 Rc8 15. Rfd1 Qe7 16. Qb2 dxc4 17. Nxc4 Rfd8 18. Rxd8+ Qxd8 19. Ne3 Qe7 20. Rd1 Bb7 21. b4 {[%cal Bb3b4,Bb4b5][%mdl 32]} Ne8 22. b5 Nb8 23. Bb4 Qc7 24. Qd4 Bxg2 25. Kxg2 Nf6 26. g4 h6 27. h4 Qd7 28. Qe5 Qb7+ 29. f3 Nbd7 30. Qd4 $36 {[%mdl 2048] White is pushing.} a5 (30... Nf8 $14) 31. Bd6 Ne8 (31... Nf8 $16 32. Nc4 N8d7) 32. Bg3 $1 $18 Nf8 33. a4 Rc5 34. Rd3 Nf6 35. Bd6 e5 36. Bxe5 ({Better is} 36. Qb2 $18 e4 37. Bxf8 (37. Bxc5 exd3 38. Bxf8 dxe2 $11) 37... Kxf8 38. Rd8+ Ke7 39. Rh8) 36... Ne6 $16 37. Qd6 {aiming for Kf2.} Ne4 38. Qb8+ ({Don't go for} 38. fxe4 $2 Qxe4+ 39. Kh2 Rxe5 $17) 38... Qxb8 39. Bxb8 Nc3 {[%mdl 64] Double Attack} 40. Bd6 Rc8 41. Be5 Nxa4 42. Ra3 f6 $1 43. Bxf6 gxf6 44. Rxa4 $14 {[%mdl 4096] Endgame KRN-KRN} Rc5 $1 45. Re4 Ng7 $1 46. Rf4 Rxb5 47. Rxf6 a4 {Black wants to play ...a3.} 48. Nc4 Rc5 (48... Rb4 $11 {remains equal.}) 49. Nxb6 (49. Rf4 $16) 49... a3 $11 {Hoping for ...a2.} 50. Rf8+ {[%mdl 64] Decoy} Kxf8 51. Nd7+ {[%mdl 64] Double Attack} Ke7 52. Nxc5 {KN-KN} a2 53. Nb3 Kd6 54. Kf2 Kd5 55. Ke1 Kc4 56. Na1 Kc3 57. g5 hxg5 58. hxg5 Kb2 $2 (58... Nf5 $11 {and Black has nothing to worry.}) 59. Kd2 $18 Kxa1 {KN-K3P} 60. Kc1 $1 Ne6 61. g6 {[%mdl 1024] White has strong compensation.} Ng7 $2 {[%mdl 8192]} (61... Nd4 $16) 62. e4 Ne6 63. e5 Ng7 (63... Nd4 $18 64. g7 Nb3+ 65. Kc2 Nd4+ 66. Kd3 Kb2) 64. f4 $1 Ne6 65. f5 Nc5 {[#]} 66. g7 $1 {[%cal Rg7g8]} Nb3+ 67. Kc2 {White mates.} Nd4+ {[#]} 68. Kd3 $1 Kb2 69. g8=Q a1=Q 70. Qg2+ ({Worse is} 70. Kxd4 Kc2+ 71. Ke4 Qe1+ 72. Kf3 (72. Kd5 Qa5+ 73. Ke4 Qe1+ 74. Kf3 Qf1+ 75. Ke4 Qe1+ $11) 72... Qf1+ 73. Ke4 Qe1+ 74. Kd5 Qa5+ 75. Kd4 Qa1+ 76. Ke4 Qe1+ $11) 70... Ne2 71. Qb7+ {Av CentiPawn Loss W=-23/B=328. Weighted=-30/267} 1-0

[Event "73rd RUS-ch Higher League 2020"]
[Site "Sochi"]
[Date "2020.10.14"]
[Round "6.13"]
[White "Murzin, Volodar"]
[Black "Zvjaginsev, Vadim"]
[Result "1/2-1/2"]
[WhiteElo "2465"]
[BlackElo "2617"]
[Annotator "TA"]
[PlyCount "80"]
[EventDate "2020.10.08"]
[EventType "swiss"]
[EventCountry "RUS"]
[SourceTitle "playchess.com"]
[Source "ChessBase"]
[SourceQuality "1"]

{[%evp 23,80,14,15,15,15,14,22,15,12,10,10,4,12,5,0,-3,-3,-6,-4,-6,-8,-32,-4,-4,-6,-8,0,0,0,-5,-5,-5,-5,-5,0,0,0,0,0,-6,0,-6,-6,-6,-6,-8,-8,-8,0,-8,0,-8,0,-6,0,-8,0,-6,0]} 1. e4 c5 2. Nf3 g6 3. c3 Bg7 4. d4 cxd4 5. cxd4 Nf6 6. Nc3 O-O 7. Bd3 d6 8. h3 e5 9. O-O exd4 10. Nxd4 Nc6 11. Be3 d5 12. Nxc6 bxc6 13. exd5 {B07: Pirc Defence: Miscellaneous Systems.} Nxd5 14. Nxd5 Qxd5 15. Qc2 Rb8 16. Be4 Bf5 17. Bxf5 {[#] Be4 is the strong threat.} Rxb2 {[#]} 18. Rad1 $146 ({Predecessor:} 18. Qa4 Qxf5 19. Qxa7 Rb5 {½-½ (19) Seger,R (2350)-Troyke,C (2375) Germany 1994}) 18... Qxf5 19. Qxc6 Rxa2 20. Rd7 a5 21. Ra7 h5 22. Qc4 Ra1 23. Rxa1 {The position is equal.} Bxa1 24. Qc5 Qb1+ 25. Kh2 Qb8+ 26. g3 h4 {Threatens to win with ...hxg3+.} 27. Bf4 Qd8 {[#] And now ...Bd4 would win.} 28. Qxa5 Bd4 (28... Qd4 {is more complex.} 29. Be3 hxg3+ 30. Kxg3 Qd6+ 31. Kg2 Qc6+) 29. Qxd8 Rxd8 $11 {[%mdl 4096] Endgame KRB-KRB} 30. Ra2 hxg3+ 31. Bxg3 Bf6 32. Kg2 Kg7 33. Re2 Rd5 34. Re4 Rd4 35. Re8 Rd8 36. Re4 Rd4 37. Re8 Rd8 38. Re4 Rd4 39. Re8 Rd8 40. Re4 Rd4 {An uneventful encounter. Av CentiPawn Loss W=-4/B=-2. Weighted=-3/-2} 1/2-1/2

[Event "73rd RUS-ch Higher League 2020"]
[Site "Sochi"]
[Date "2020.10.14"]
[Round "6.14"]
[White "Kobalia, Mikhail"]
[Black "Obgolts, Erik"]
[Result "1/2-1/2"]
[WhiteElo "2614"]
[BlackElo "2376"]
[Annotator "TA"]
[PlyCount "144"]
[EventDate "2020.10.08"]
[EventType "swiss"]
[EventCountry "RUS"]
[SourceTitle "playchess.com"]
[Source "ChessBase"]
[SourceQuality "1"]

{[%evp 9,144,13,18,10,19,11,11,12,29,19,29,26,17,0,8,9,38,14,11,11,12,0,0,0,0,-25,8,0,0,-12,-12,-23,20,0,8,11,14,7,10,0,0,3,9,16,12,0,14,0,0,0,2,8,54,54,93,91,76,76,81,78,95,88,94,93,82,95,90,70,234,80,94,54,82,80,87,90,228,225,191,68,68,8,14,19,24,0,0,0,95,18,133,126,104,118,429,408,606,582,1194,1177,1159,1114,2947,1894,5081,5069,1288,0,0,0,29983,29984,29983,0,0,0,0,0,0,0,0,0,0,0,0,0,0,0,0,0,0,0,0,0,0,0,0]} 1. e4 c6 2. d4 d5 3. e5 c5 4. dxc5 e6 5. a3 Bxc5 6. Nf3 {B12: Caro-Kann: Advance Variation.} Ne7 7. Bd3 Ng6 8. O-O Nc6 9. b4 Be7 10. Re1 O-O 11. Bb2 Bd7 12. Nbd2 b5 13. Bxb5 {[#]} a5 $146 ({Predecessor:} 13... Ncxe5 14. Bxd7 Nxd7 15. c4 dxc4 16. Nxc4 Nb6 {½-½ (16) Tauber,H (2526)-Ruefenacht,M (2488) GER email 2015}) 14. Bxc6 Bxc6 15. Bc3 Ba4 16. bxa5 Rc8 17. Nb1 Qd7 18. Ra2 {[%cal Ba1a2,Ba2b2,Bb2b4][%mdl 32]} Rc7 19. Bb4 Rfc8 {[%cal Ra4c2]} 20. Nd4 Rc4 21. Qd2 Qa7 22. c3 Bd8 23. Rb2 Bc7 24. f4 Bxa5 25. Bxa5 Qxa5 26. Rb4 Ne7 27. Re3 Qc5 28. Qd3 Nc6 29. Nxc6 $1 Qxc6 30. Nd2 Rxb4 31. axb4 Qb6 32. Nf3 $1 Bc2 33. Qd2 Be4 34. Nd4 g6 35. Qb2 Qa6 36. h3 Ra8 37. b5 Qa4 38. Re1 Qc4 $2 (38... Bd3 $14) 39. Re2 $2 (39. Ra1 $18 {is the precise move to win.} Rb8 40. b6) 39... h5 40. h4 Qd3 41. Kf2 Qd1 {Threatening ...Ra1.} 42. b6 {Black must now prevent b7.} Qh1 (42... Bd3 $16 {is a better defense.}) 43. Kg3 $18 Bd3 44. Re3 (44. Rf2 $18 {b7 is the strong threat.} Qe1 45. b7) 44... Qd1 $1 $14 45. Nf3 ({Better is} 45. Kh2 $14 Rb8 46. Nc6) 45... Be4 $1 $11 46. Re1 $36 {[%mdl 2048] Black is under pressure.} Qd3 47. Ra1 Rxa1 $1 48. Qxa1 {White threatens b7 and mate.} (48. b7 $2 Rf1 $19) 48... d4 {[#]} (48... Bxf3 $11 49. gxf3 Qb5) 49. cxd4 (49. c4 $1 $16 {[%mdl 512]}) 49... Bxf3 (49... Qb5 $11 {remains equal.}) 50. gxf3 $16 {[%mdl 4096] Endgame Intending b7 and mate. KQ-KQ} Qb5 51. d5 $1 {[%cal Rd5e6] And now dxe6 would win.} (51. Qa8+ $6 Kg7 $11) 51... exd5 $2 {[%mdl 8192]} (51... Qxb6 $16 {is a better chance.} 52. d6 Kf8) 52. Qd4 $1 $18 ({Not} 52. Qa8+ Kg7 $16) 52... Qb1 (52... Kh7 $142 53. f5 gxf5) 53. f5 Qe1+ 54. Kg2 Qe2+ 55. Qf2 $1 {[%cal Rf2e2]} Qxe5 56. b7 Kh7 57. fxg6+ fxg6 58. Qa7 $2 (58. Qa2 $18 {Threatens to win with Kf1.} d4 59. Qb2 $1 {[%mdl 512]}) 58... Qe2+ $11 59. Kg3 Qe5+ $2 {[%mdl 8192] [#]} (59... Qe1+ $11 60. Kh2 Qe2+ 61. Kh1 Qf1+ 62. Kh2 Qe2+ 63. Kh3 Qf1+ 64. Kh2 Qe2+) 60. Kf2 $1 ({Weaker is} 60. Kh3 Qe6+ 61. Kh2 Qe2+ 62. Kg3 Qe1+ 63. Qf2 Qb4 $11) 60... Qb2+ 61. Ke3 $2 (61. Kg1 {mates} Qc1+ 62. Kg2 Qc2+ 63. Kg3 Qc7+ 64. Kh3 Kg7 65. b8=Q Qxa7 66. Qxa7+ Kf6 67. Qc7) 61... Qc3+ {The position is equal.} 62. Ke2 Qc2+ 63. Ke3 Qc3+ 64. Kf4 Qf6+ 65. Kg3 Qe5+ 66. f4 Qc3+ 67. Kg2 Qb2+ 68. Kf3 Qb3+ 69. Ke2 Qc2+ 70. Kf3 Qb3+ 71. Ke2 $1 Qc2+ 72. Ke3 Qc3+ {[%mdl 64] Decoy. Av CentiPawn Loss W=-56/B=-16. Weighted=-41/-29} 1/2-1/2

[Event "73rd RUS-ch Higher League 2020"]
[Site "Sochi"]
[Date "2020.10.14"]
[Round "6.15"]
[White "Makarian, Rudik"]
[Black "Goryachkina, Aleksandra"]
[Result "0-1"]
[WhiteElo "2441"]
[BlackElo "2582"]
[Annotator "TA"]
[PlyCount "98"]
[EventDate "2020.10.08"]
[EventType "swiss"]
[EventCountry "RUS"]
[SourceTitle "playchess.com"]
[Source "ChessBase"]
[SourceQuality "1"]

{[%evp 12,98,23,23,34,22,23,29,35,26,33,23,33,3,30,21,20,0,11,0,0,-6,0,0,37,29,43,39,61,0,0,25,52,4,6,0,0,0,0,0,5,0,0,-20,-35,-37,0,-27,-47,-70,-33,-102,-96,-110,-112,-95,-100,-117,-132,-173,-167,-246,-225,-221,-241,-226,-195,-201,-8,-12,-16,-28,-27,-492,-492,-456,-484,-460,-445,-790,-793,-782,-777,-758,-654,-686,-683,-636,-583]} 1. e4 e5 2. Nf3 Nc6 3. Bb5 Nf6 4. O-O Nxe4 5. Re1 Nd6 6. Nxe5 Be7 7. Bf1 O-O {C67: Ruy Lopez: Berlin Defence: 4 0-0 Nxe4.} 8. d4 Nf5 9. Nf3 d5 {White has an edge.} 10. c3 Bd6 11. a4 {[%cal Ba2a4,Ba4a5,Ba5a6][%mdl 32]} Nh4 {[#]} 12. h3 $146 ({Predecessor:} 12. Nxh4 Qxh4 13. g3 Qg4 14. Be2 Qg6 15. Na3 a6 16. Nc2 Ne7 17. Ne3 c6 18. Bd3 {½-½ (43) Timofeev,A (2580)-Iljiushenok,I (2539) Khanty-Mansiysk 2018}) 12... Ng6 13. a5 Nce7 14. a6 b6 $1 15. Na3 c6 16. Nc2 h6 17. Ne5 Re8 18. Qh5 Bxe5 19. dxe5 c5 20. Bb5 Bd7 21. Bd3 c4 22. Bxg6 fxg6 23. Qd1 Be6 24. Nd4 Nf5 25. Nxe6 Rxe6 26. b3 Rc8 27. Ra4 cxb3 28. Qxb3 Qd7 29. Rb4 Rc5 30. Bf4 Qc6 31. Rd1 ({Better is} 31. Bd2 $15) 31... g5 $17 32. Qb1 Ne7 {[%cal Bf5e7,Be7g6,Bg6f4][%mdl 32]} 33. Bd2 Ng6 34. Be3 Rxc3 35. Bd4 Rc4 36. Rxc4 (36. Qb2 $142) 36... dxc4 $19 37. Bc3 {[#]} Nf4 $1 $40 {[%csl Gf4][%cal Rc6g2][%mdl 128] Black wants a kill.} ({Avoid the trap} 37... Nxe5 $2 38. Rd8+ Re8 39. Rxe8+ Qxe8 40. Qe4 $18) 38. Rd8+ Re8 39. Rxe8+ Qxe8 $2 (39... Kf7 $19 {[%csl Gf4][%cal Rc6g2]} 40. f3 Kxe8) 40. Qe4 $11 Qf7 {aiming for ...Qd5.} 41. Qa8+ Kh7 {And now ...Ne2+ would win.} 42. Qb7 $2 {[%mdl 8192] White does not recover from this.} (42. Qe4+ $11 Qg6 43. Qxc4) 42... Qf5 $19 {Threatens to win with ...Ne2+.Black is clearly winning.} 43. Qf3 Qb1+ 44. Kh2 {[#]} Qd3 $1 45. Qb7 (45. Qxd3+ $142 cxd3 46. Bd2) 45... Qxc3 46. Qxa7 Qxe5 47. Qb7 Ne6+ 48. g3 {Now a7 and White clings on.} b5 49. a7 Nc7 {Av CentiPawn Loss W=-27/B=-14. Weighted=-37/-12} 0-1

[Event "73rd RUS-ch Higher League 2020"]
[Site "Sochi"]
[Date "2020.10.14"]
[Round "6.16"]
[White "Zabotin, Alexander"]
[Black "Lugovskoy, Maxim"]
[Result "1-0"]
[WhiteElo "2486"]
[BlackElo "2420"]
[Annotator "RC"]
[PlyCount "79"]
[EventDate "2020.10.08"]
[EventType "swiss"]
[EventCountry "RUS"]
[SourceTitle "playchess.com"]
[Source "ChessBase"]
[SourceQuality "1"]
[TimeControl "40/5400+30:1800+30"]

1. d4 d5 {[%emt 0:02:55]} 2. c4 {[%emt 0:00:00]} e6 {[%emt 0:00:04]} 3. Nc3 {[%emt 0:00:06]} a6 {[%emt 0:00:05]} 4. cxd5 {[%emt 0:02:30]} exd5 {[%emt 0:00:08]} 5. Qb3 {[%emt 0:00:45]} Nf6 {[%emt 0:05:07]} 6. Bg5 {[%emt 0:00:52]} c6 {[%emt 0:00:06]} 7. e4 {[%emt 0:21:15]} Be7 {[%emt 0:00:49]} 8. Bxf6 {[%emt 0:01:31]} Bxf6 {[%emt 0:00:22]} 9. e5 {[%emt 0:00:04]} Be7 {[%emt 0:00:21]} 10. Bd3 {[%emt 0:00:47]} b5 {[%emt 0:06:31]} 11. Nge2 {[%emt 0:00:19]} Bb7 {[%emt 0:02:34]} 12. Qc2 {[%emt 0:00:43]} Nd7 {[%emt 0:08:52]} 13. Bxh7 {[%emt 0:04:24]} b4 {[%emt 0:16:34]} 14. Nd1 {[%emt 0:05:41]} Nf8 {[%emt 0:09:12]} 15. Bf5 {[%emt 0:00:08]} Qb6 {[%emt 0:00:42]} 16. b3 {[%emt 0:01:19]} Ne6 {[%emt 0:04:12]} 17. Bxe6 {[%emt 0:01:25]} fxe6 {[%emt 0:00:04]} 18. Nb2 {[%emt 0:01:18]} Kd7 {[%emt 0:10:19]} 19. Na4 {[%emt 0:00:55]} Qa7 {[%emt 0:00:05]} 20. Qg6 {[%emt 0:04:27]} Raf8 {[%emt 0:03:16]} 21. Rc1 {[%emt 0:00:57]} Qb8 {[%emt 0:05:52]} 22. Qxg7 {[%emt 0:02:30]} Qe8 {[%emt 0:01:11]} 23. Nc5+ {[%emt 0:11:10]} Kc8 {[%emt 0:00:42]} 24. Qg4 {[%emt 0:00:30]} Rh6 {[%emt 0:01:41]} 25. f4 {[%emt 0:01:18]} Rg8 {[%emt 0:03:29]} 26. Qf3 {[%emt 0:00:08]} Qg6 {[%emt 0:00:09]} 27. Kf2 {[%emt 0:01:34]} Qh7 {[%emt 0:00:33]} 28. h3 {[%emt 0:01:00]} Rhg6 {[%emt 0:01:39]} 29. g4 {[%emt 0:00:35]} Qh4+ {[%emt 0:00:19]} 30. Ke3 {[%emt 0:00:29]} Rf8 {[%emt 0:00:05]} 31. Qg3 {[%emt 0:00:30]} Qh7 {[%emt 0:00:07]} 32. h4 {[%emt 0:00:10]} Rh6 {[%emt 0:01:35]} 33. g5 {[%emt 0:00:28]} Bxc5 {[%emt 0:00:06]} 34. Rxc5 {[%emt 0:03:40]} Rh5 {[%emt 0:02:26]} 35. Qg4 {[%emt 0:02:58]} Qe4+ {[%emt 0:02:24]} 36. Kd2 {[%emt 0:00:05]} Kb8 {[%emt 0:00:25]} 37. Qxh5 {[%emt 0:00:23]} Rxf4 {[%emt 0:00:04]} 38. Rh2 {[%emt 0:05:51]} Rf3 {[%emt 0:02:00]} 39. Qxf3 {[%emt 0:02:59]} Qxf3 {[%emt 0:00:05]} 40. h5 {[%emt 0:00:00]} 1-0

[Event "73rd RUS-ch Higher League 2020"]
[Site "Sochi"]
[Date "2020.10.14"]
[Round "6.17"]
[White "Samusenko, Maksim"]
[Black "Ovchinnikov, Vsevolod"]
[Result "1/2-1/2"]
[WhiteElo "2459"]
[BlackElo "2349"]
[Annotator "TA"]
[PlyCount "71"]
[EventDate "2020.10.08"]
[EventType "swiss"]
[EventCountry "RUS"]
[SourceTitle "playchess.com"]
[Source "ChessBase"]
[SourceQuality "1"]

{[%evp 17,71,11,13,12,17,17,16,18,14,19,37,13,66,60,45,42,34,31,35,39,35,35,35,17,23,16,29,4,4,4,7,4,18,0,4,0,0,0,0,-3,0,-17,-20,-19,-19,-21,-23,-22,-16,-15,0,-9,0,-19,0,-11]} 1. d4 Nf6 2. Nc3 d5 3. Bf4 g6 4. e3 Bg7 5. Nf3 O-O 6. Be2 c5 7. Ne5 Nc6 8. O-O cxd4 9. exd4 Bf5 10. Re1 {[#] D00: 1 d4 d5: Unusual lines.} Nd7 $146 {[%cal Rd7e5]} ({Predecessor:} 10... Rc8 11. Rc1 Nxe5 12. dxe5 Ne4 13. Nxd5 e6 14. Ne3 Qb6 15. Bd3 Qxb2 16. Nxf5 exf5 17. Bxe4 fxe4 {½-½ (26) Williamson,H (2529)-Bokar,J (2545) ICCF email 2017}) 11. Nxd5 Ncxe5 12. dxe5 e6 13. Ne3 Nxe5 14. Bf1 Nc6 (14... Qf6 $11) 15. c3 e5 16. Qxd8 Rfxd8 17. Bg5 f6 $1 {[%cal Rf6g5]} 18. Nxf5 gxf5 19. Be3 f4 20. Bc1 Bh6 21. g3 Kg7 22. Kg2 fxg3 23. hxg3 Bxc1 24. Raxc1 Rd2 25. Re2 Rad8 26. Rce1 f5 27. Rxd2 Rxd2 $11 {[%mdl 4096] Endgame KRB-KRN} 28. Re2 Rd1 29. f3 Kf6 30. Kf2 Nd8 31. Rc2 Ne6 32. Be2 Rd8 {The position is equal.} 33. Bc4 Rd1 34. Be2 Rd8 35. Bc4 Rd1 36. Be2 {Av CentiPawn Loss W=-5/B=-3. Weighted=-6/-4} 1/2-1/2

[Event "73rd RUS-ch Higher League 2020"]
[Site "Sochi"]
[Date "2020.10.14"]
[Round "6.18"]
[White "Sarana, Alexey"]
[Black "Shuvalova, Polina"]
[Result "1/2-1/2"]
[WhiteElo "2657"]
[BlackElo "2441"]
[Annotator "TA"]
[PlyCount "95"]
[EventDate "2020.10.08"]
[EventType "swiss"]
[EventCountry "RUS"]
[SourceTitle "playchess.com"]
[Source "ChessBase"]
[SourceQuality "1"]

{[%evp 16,95,0,0,12,9,-5,-8,6,-4,0,0,0,0,0,-1,16,12,10,0,3,19,24,23,26,0,0,0,32,5,16,22,30,30,30,20,27,-30,-15,-33,-10,-39,-33,-67,-65,-93,-21,-58,-17,-18,0,0,0,-71,-71,-47,-42,-37,-43,-52,-6,-102,0,-24,-34,-45,-33,-29,-20,-29,0,-27,0,-149,-150,-142,0,-48,0,-103,0,-34]} 1. c4 Nf6 2. Nf3 e6 3. g3 d5 4. Bg2 Be7 5. b3 O-O 6. Bb2 b6 7. O-O Bb7 8. e3 c5 9. Nc3 Qc8 {A14: English Opening: 1...e6 with b3 by White.} 10. Rc1 Rd8 11. Qe2 Nc6 12. d3 d4 13. exd4 Nxd4 14. Nxd4 Bxg2 15. Kxg2 Rxd4 {[#]} 16. f4 $146 ({Predecessor:} 16. Ne4 Rd7 17. Rfd1 Qc6 18. Qf3 Nxe4 19. Qxe4 Qxe4+ 20. dxe4 Rad8 21. Rxd7 Rxd7 22. Bc3 {½-½ (53) Marin,M (2572)-Westerberg,J (2491) Baku 2016}) 16... Qd7 17. Rf3 {And now Nb5 would win.} Rd8 {[%cal Rd4d3]} 18. Rd1 $1 Qb7 19. Kg1 g6 20. Rdf1 Qd7 {[%cal Rd4d3]} 21. Rd1 Qb7 22. Re1 R4d7 23. Nd1 Ne8 24. Nf2 Bf6 {White must now prevent ...Bxb2.} 25. Be5 Bg7 26. g4 (26. Re3 $142) 26... f5 $11 27. Re3 Bxe5 28. Rxe5 Ng7 29. Qe3 Rd4 30. Qg3 Qf7 ({Better is} 30... Rf8 $17 31. gxf5 Nxf5) 31. gxf5 exf5 32. Re7 Re8 33. Qh4 Rd7 34. Rxe8+ (34. Rxf7 $11 {remains equal.} Rxe1+ 35. Kg2 Kxf7 36. Ng4 fxg4 37. Qxe1) 34... Nxe8 $17 35. Nh3 Nf6 36. Ng5 Qf8 37. Re3 Qd6 38. Qe1 (38. Kg2 $11) 38... Kg7 (38... h6 $17 39. Re6 Qd4+ 40. Kh1 hxg5 41. Rxf6 {[%mdl 64] Remove Defender} Qxf6 42. Qe8+ Qf8 43. Qxd7 gxf4 44. Qe6+ Kh7) 39. Qc3 Re7 $36 {[%mdl 2048] White is under pressure.} 40. Re5 h6 41. Nf3 Rf7 42. h3 Kh7 43. Kf2 Rg7 44. Ke3 {[#]} (44. Qd2 $1 $11) 44... Nd7 $1 {aiming for ...g5.} 45. Re8 {[#]} Nf6 (45... g5 $1 $17 {...Qg6 is the strong threat.} 46. fxg5 Qg6) 46. Re5 $15 Nd7 (46... a6 $15 47. Qc1 g5 48. fxg5 hxg5) 47. Re8 $1 $17 Nf6 ({Black should try} 47... g5 $17 {Threatens to win with ...Qg6.} 48. fxg5 Qg6) 48. Re5 {Av CentiPawn Loss W=-19/B=-16. Weighted=-24/-17} 1/2-1/2